| 000 | 00610nam a2200205Ia 4500 | ||
|---|---|---|---|
| 005 | 20250923145833.0 | ||
| 008 | 008 250917s9999 xx 000 0 eng d | ||
| 037 | _aTextual | ||
| 040 |
_aDSWL _beng _cDSWL |
||
| 041 |
_aeng _2eng |
||
| 084 |
_aY:4S1121.2, N89 _qDSWL |
||
| 100 |
_aAnand, M.R. _9839431 |
||
| 245 | 0 |
_aSati: A writeup of Raja Ram Mohan Roy about burning of widowes alive _c by M.R. Anand |
|
| 260 |
_aDelhi _bB.R. Publication _c1989 |
||
| 300 | _axii,188p. | ||
| 365 |
_aINR _b125.00 |
||
| 925 | _g125.00 | ||
| 942 |
_cTEXL _hY:4S1121.2, N89 |
||
| 999 |
_c1456311 _d1456311 |
||